000
00301nam a22001217a 4500
040
_c
RUA
082
_a
RNA Fac 2014 C108 Or.
100
_a
FACULTY OF VETERINARY MEDICINE
245
_a
Programme & Abstract Book,
260
_a
PHNOM PENH
_b
RUA
_c
2014
300
_a
xxii,76p,
_b
ill,
_c
29cm,
942
_c
REC
999
_c
25459
_d
25459